[Event "Oberliga Nord O 1819"]
[Site "Germany"]
[Date "2018.10.21"]
[Round "1.3"]
[White "Pfeffer, Ruprecht"]
[Black "Szajbely, Zsigmond"]
[Result "1-0"]
[WhiteElo "2247"]
[BlackElo "2302"]
[PlyCount "143"]
[EventDate "2018.10.21"]
[EventType "team-tourn"]
[EventRounds "9"]
[EventCountry "GER"]
[SourceTitle "EXT 2020"]
[Source "ChessBase"]
[SourceDate "2019.10.17"]
[SourceVersion "1"]
[SourceVersionDate "2019.10.17"]
[SourceQuality "1"]
[WhiteTeam "Berlin Weisse Dame"]
[BlackTeam "Berlin Empor"]
[WhiteTeamCountry "GER"]
[BlackTeamCountry "GER"]

1. e4 c5 2. Nc3 d6 3. Nge2 Nc6 4. d4 cxd4 5. Nxd4 g6 6. Be3 Nf6 7. f3 Bg7 8. Qd2 h5 9. Be2 Bd7 10. 0-0 0-0 11. Nd5 Nxd5 12. exd5 Nxd4 13. Bxd4 Bxd4+ 14. Qxd4 Qb6 15. Qxb6 axb6 16. a3 Rfc8 17. c3 Ba4 18. Bd1 Kg7 19. Re1 Kf6 20. Re4 Bd7 21. Bb3 b5 22. Rae1 Re8 23. Rf4+ Kg7 24. Rfe4 Kf6 25. Rf4+ Kg7 26. Rd4 g5 27. h4 f6 28. Kf2 Rac8 29. Kg3 Kf7 30. Rde4 Bf5 31. Rb4 Rc5 32. Kf2 b6 33. Rd4 Rg8 34. g3 Rf8 35. Rh1 Kg6 36. Re1 Kf7 37. Rh1 Kg6 38. g4 hxg4 39. fxg4 Bc8 40. Bc2+ f5 41. hxg5 Rc4 42. Ke3 Rxd4 43. Kxd4 Kxg5 44. gxf5 Kf6 45. Rh6+ Kg7 46. Rg6+ Kf7 47. Bd3 Bd7 48. c4 bxc4 49. Kxc4 Rh8 50. Rg4 Rh2 51. b3 Rh3 52. Rd4 Ke8 53. Rf4 Kf7 54. a4 Ke8 55. f6 exf6 56. Bf5 Bxf5 57. Rxf5 Kf7 58. b4 Kg6 59. Rf4 Kg5 60. Rf1 Ra3 61. Kb5 Rb3 62. Ra1 f5 63. Kxb6 Rxb4+ 64. Kc7 Kf6 65. Kxd6 f4 66. a5 Rb8 67. a6 f3 68. a7 Ra8 69. Kc7 Ke5 70. d6 f2 71. Kb7 Rf8 72. a8Q 1-0

[Event "Oberliga Nord O 1516"]
[Site "Germany"]
[Date "2016.03.13"]
[Round "8.3"]
[White "Pfeffer, Ruprecht"]
[Black "Hellmann, Norbert"]
[Result "1-0"]
[WhiteElo "2249"]
[BlackElo "2137"]
[PlyCount "53"]
[EventDate "2015.09.20"]
[EventType "team-tourn"]
[EventRounds "9"]
[EventCountry "GER"]
[SourceTitle "EXT 2017"]
[Source "ChessBase"]
[SourceDate "2016.10.25"]
[SourceVersion "1"]
[SourceVersionDate "2016.10.25"]
[SourceQuality "1"]
[WhiteTeam "Cottbus Lokomotive"]
[BlackTeam "Fuerstenwalde"]
[WhiteTeamCountry "GER"]
[BlackTeamCountry "GER"]

1. e4 g6 2. d4 Bg7 3. Nc3 d6 4. f4 Nf6 5. Nf3 c5 6. Bb5+ Nfd7 7. d5 a6 8. Be2 b5 9. 0-0 0-0 10. a4 b4 11. Nb1 a5 12. c4 Qc7 13. Bd3 e6 14. Ra2 exd5 15. exd5 Nf6 16. h3 Re8 17. b3 Bd7 18. f5 Ne4 19. fxg6 hxg6 20. Re2 Nc3 21. Nxc3 bxc3 22. Ng5 f5 23. g4 Bd4+ 24. Kh1 Na6 25. gxf5 Nb4 26. f6 Rxe2 27. Qxe2 1-0

[Event "Oberliga Nord O 1516"]
[Site "Germany"]
[Date "2016.01.31"]
[Round "6.3"]
[White "Pfeffer, Ruprecht"]
[Black "Gyorkos, Lajos"]
[Result "0-1"]
[WhiteElo "2257"]
[BlackElo "2365"]
[PlyCount "90"]
[EventDate "2015.09.20"]
[EventType "team-tourn"]
[EventRounds "9"]
[EventCountry "GER"]
[SourceTitle "EXT 2017"]
[Source "ChessBase"]
[SourceDate "2016.10.25"]
[SourceVersion "1"]
[SourceVersionDate "2016.10.25"]
[SourceQuality "1"]
[WhiteTeam "Cottbus Lokomotive"]
[BlackTeam "Neuruppin"]
[WhiteTeamCountry "GER"]
[BlackTeamCountry "GER"]

1. e4 c5 2. Nf3 e6 3. g3 d5 4. exd5 Qxd5 5. Nc3 Qd8 6. Bg2 Nc6 7. 0-0 Nf6 8. Re1 Be7 9. d3 0-0 10. Bf4 a6 11. a4 Ra7 12. h3 b6 13. Be3 Rd7 14. Qc1 Bb7 15. Ne4 Nd5 16. Bd2 Re8 17. Bg5 Bxg5 18. Nexg5 Ndb4 19. Re2 Qa8 20. Ne4 f5 21. Ned2 Nd4 22. Nxd4 Bxg2 23. Nxf5 Bxh3 24. Ne3 Nc6 25. Kh2 Nd4 26. Re1 Bf5 27. Nxf5 exf5 28. c3 Rxe1 29. Qxe1 Rd6 30. f3 Nc2 31. Qd1 Nxa1 32. Qxa1 Rxd3 33. Qe1 Rd8 34. Qe6+ Kh8 35. Nc4 Qxf3 36. Nd6 Qh5+ 37. Kg2 Rf8 38. Qe7 Rb8 39. Qc7 Qe2+ 40. Kh3 Rf8 41. Nf7+ Kg8 42. Ne5 Qf1+ 43. Kh2 f4 44. Qd6 Qf2+ 45. Kh1 fxg3 0-1

[Event "Oberliga Nord O 1516"]
[Site "Germany"]
[Date "2015.12.13"]
[Round "4.3"]
[White "Pfeffer, Ruprecht"]
[Black "Weber, Max"]
[Result "1/2-1/2"]
[WhiteElo "2259"]
[BlackElo "2169"]
[PlyCount "111"]
[EventDate "2015.09.20"]
[EventType "team-tourn"]
[EventRounds "9"]
[EventCountry "GER"]
[SourceTitle "CBM 170 Extra"]
[Source "ChessBase"]
[SourceDate "2016.02.25"]
[SourceVersion "1"]
[SourceVersionDate "2016.02.25"]
[SourceQuality "1"]
[WhiteTeam "Cottbus Lokomotive"]
[BlackTeam "Greifswald"]
[WhiteTeamCountry "GER"]
[BlackTeamCountry "GER"]

1. e4 c5 2. Nf3 e6 3. d4 cxd4 4. Nxd4 a6 5. Nc3 Qc7 6. Bd3 Nf6 7. Qe2 d6 8. 0-0 Nc6 9. Be3 Be7 10. Nb3 0-0 11. f4 b5 12. Rae1 Bb7 13. Bf2 e5 14. Bh4 Nb4 15. Kh1 Rac8 16. a3 Nxd3 17. Qxd3 Rfe8 18. Qh3 Qd7 19. Qxd7 Nxd7 20. Bxe7 Rxe7 21. Rd1 exf4 22. Rxd6 Nf6 23. Rxf4 Nxe4 24. Nxe4 Bxe4 25. Nd4 g6 26. c3 Bb7 27. Kg1 Rce8 28. Rf1 Re3 29. Rd1 h5 30. Kf2 R8e7 31. Rd2 R3e4 32. Re2 Rxe2+ 33. Nxe2 Kf8 34. Nd4 Ke8 35. Nb3 Rd7 36. Rxd7 Kxd7 37. Nc5+ Kc7 38. Nxb7 Kxb7 39. Ke3 Kc6 40. Kd4 h4 41. b4 Kd6 42. c4 bxc4 43. Kxc4 f5 44. Kd4 g5 45. a4 Ke6 46. b5 axb5 47. axb5 Kd6 48. b6 Kc6 49. Ke5 h3 50. gxh3 f4 51. Ke4 Kxb6 52. h4 gxh4 53. Kxf4 Kc6 54. Kg4 Kd6 55. Kxh4 Ke6 56. Kg5 1/2-1/2

[Event "Pardubice Czech op-A 26th"]
[Site "Pardubice"]
[Date "2015.07.24"]
[Round "1"]
[White "Haba, Petr"]
[Black "Pfeffer, Ruprecht"]
[Result "1-0"]
[WhiteElo "2488"]
[BlackElo "2232"]
[PlyCount "113"]
[EventDate "2015.07.24"]
[EventType "swiss"]
[EventRounds "9"]
[EventCountry "CZE"]
[SourceTitle "CBM 167 Extra"]
[Source "ChessBase"]
[SourceDate "2015.09.14"]
[SourceVersion "1"]
[SourceVersionDate "2015.09.14"]
[SourceQuality "1"]

1. e4 c5 2. Nf3 e6 3. c3 d5 4. e5 Nc6 5. d4 Qb6 6. a3 c4 7. Nbd2 Na5 8. Be2 f6 9. 0-0 Bd7 10. Re1 f5 11. Rb1 Rc8 12. h4 Nh6 13. Nf1 Nf7 14. Bf4 Be7 15. Ng5 Nxg5 16. Bxg5 Qd8 17. Qd2 0-0 18. Bd1 Bxg5 19. Qxg5 Qxg5 20. hxg5 Be8 21. f4 Rc6 22. Ne3 Rb6 23. Bc2 Rc6 24. g4 g6 25. Kf2 Rc7 26. Rh1 Nc6 27. Rh6 Ne7 28. gxf5 exf5 29. b3 b5 30. a4 Kg7 31. axb5 cxb3 32. Rxb3 Bd7 33. Rh1 Rfc8 34. Ra1 Kf7 35. Raa3 Rb8 36. Bd3 Be6 37. Nc2 h6 38. gxh6 Rh8 39. Nb4 Rxh6 40. Na6 Rc8 41. Nc5 Rh2+ 42. Ke1 Rch8 43. Bf1 R8h4 44. Nd3 Nc8 45. Ra6 g5 46. fxg5 Re4+ 47. Kd1 Rh1 48. g6+ Kxg6 49. Rxe6+ Kg5 50. Rb2 Rxf1+ 51. Kc2 Rf3 52. Re8 Ree3 53. Rg8+ Kh4 54. Rxc8 Rxd3 55. Ra2 Rf2+ 56. Kxd3 Rxa2 57. e6 1-0

[Event "Paleochora op 6th"]
[Site "Paleochora"]
[Date "2013.07.26"]
[Round "9"]
[White "Baron, Tal"]
[Black "Pfeffer, Ruprecht"]
[Result "1-0"]
[WhiteElo "2469"]
[BlackElo "2232"]
[PlyCount "69"]
[EventDate "2013.07.19"]
[EventType "swiss"]
[EventRounds "9"]
[EventCountry "GRE"]
[SourceTitle "CBM 155 Extra"]
[Source "ChessBase"]
[SourceDate "2013.08.26"]
[SourceVersion "1"]
[SourceVersionDate "2013.08.26"]
[SourceQuality "1"]

1. d4 Nf6 2. c4 g6 3. Nc3 d5 4. Qb3 dxc4 5. Qxc4 Bg7 6. e4 Nc6 7. Nf3 0-0 8. Be2 Nd7 9. Be3 Nb6 10. Qc5 Nd7 11. Qg5 Nf6 12. h3 Re8 13. Rd1 h6 14. Qb5 a6 15. Qc4 e6 16. 0-0 Nd7 17. b4 Qe7 18. a3 Nb6 19. Qa2 Kh7 20. Qc2 Bd7 21. Rfe1 Na7 22. d5 exd5 23. exd5 Bf5 24. Qc1 Qd6 25. Nd4 Be4 26. Bf4 Qd7 27. Bg4 f5 28. Nxe4 fxg4 29. Ne6 Nb5 30. Bxh6 Rxe6 31. dxe6 Qe7 32. Bxg7 Qxg7 33. Ng5+ Kg8 34. e7 Re8 35. Rd8 1-0

[Event "Paleochora op 6th"]
[Site "Paleochora"]
[Date "2013.07.21"]
[Round "4"]
[White "Pfeffer, Ruprecht"]
[Black "Drakaki, Anna Maria"]
[Result "1-0"]
[WhiteElo "2232"]
[BlackElo "1910"]
[PlyCount "69"]
[EventDate "2013.07.19"]
[EventType "swiss"]
[EventRounds "9"]
[EventCountry "GRE"]
[SourceTitle "CBM 155 Extra"]
[Source "ChessBase"]
[SourceDate "2013.08.26"]
[SourceVersion "1"]
[SourceVersionDate "2013.08.26"]
[SourceQuality "1"]

1. e4 c5 2. Nc3 a6 3. Nge2 d6 4. g3 b5 5. Bg2 Bb7 6. d4 cxd4 7. Nxd4 Nf6 8. 0-0 g6 9. Re1 e5 10. Nb3 b4 11. Nd5 Nxd5 12. exd5 Bg7 13. a3 bxa3 14. Rxa3 a5 15. Be3 a4 16. Nd2 0-0 17. Qa1 f5 18. Rxa4 Rxa4 19. Qxa4 Nd7 20. Nc4 f4 21. Bd2 Nc5 22. Qa3 Qf6 23. b4 f3 24. Bf1 Nd7 25. Qa7 Bc8 26. Qc7 Qd8 27. Qxd8 Rxd8 28. Nxd6 Nb6 29. Nxc8 Rxc8 30. Rc1 Nxd5 31. c4 Nb6 32. c5 Nd7 33. Bh3 Rc7 34. Bxd7 Rxd7 35. c6 1-0

[Event "Oberliga Nord O 1213"]
[Site "Germany"]
[Date "2013.01.13"]
[Round "5.2"]
[White "Lerch, Philipp"]
[Black "Pfeffer, Ruprecht"]
[Result "1-0"]
[WhiteElo "2110"]
[BlackElo "2255"]
[PlyCount "96"]
[EventDate "2012.10.17"]
[EventType "team-tourn"]
[EventRounds "9"]
[EventCountry "GER"]
[SourceTitle "EXT 2015"]
[Source "ChessBase"]
[SourceDate "2014.11.20"]
[SourceVersion "1"]
[SourceVersionDate "2014.11.20"]
[SourceQuality "1"]
[WhiteTeam "Koenig Tegel"]
[BlackTeam "Cottbus Lokomotive"]
[WhiteTeamCountry "GER"]
[BlackTeamCountry "GER"]

1. e4 e6 2. d4 d5 3. Nd2 h6 4. Ngf3 Nf6 5. Bd3 c5 6. c3 cxd4 7. cxd4 dxe4 8. Nxe4 Bb4+ 9. Nc3 0-0 10. 0-0 Nc6 11. Bc2 Bd6 12. a3 Ne7 13. Qd3 Ng6 14. Be3 b6 15. Qd2 Bb7 16. Bxg6 fxg6 17. Ne5 Bxe5 18. dxe5 Ng4 19. Qd4 Qxd4 20. Bxd4 Rad8 21. Rad1 Ba6 22. Rfe1 Rf4 23. Be3 Rxd1 24. Rxd1 Nxe3 25. fxe3 Rf5 26. e4 Rf7 27. h3 g5 28. Rd8+ Kh7 29. Rd6 Bc4 30. Rd4 Rf1+ 31. Kh2 Bb3 32. Nb5 a6 33. Nc7 b5 34. Nxa6 Bc4 35. Rd2 Re1 36. Nc5 Ba2 37. b3 Bb1 38. Rd4 h5 39. Nxe6 Kg6 40. Nc5 Re3 41. Rb4 g4 42. hxg4 hxg4 43. Rxb5 Bc2 44. e6 Kf6 45. Rb7 Bd1 46. Rf7+ Kg6 47. Rf1 g3+ 48. Kh3 Kh5 1-0

[Event "Oberliga Nord O 1213"]
[Site "Germany"]
[Date "2012.10.17"]
[Round "1.2"]
[White "Pfeffer, Ruprecht"]
[Black "Schoewel, Matthias"]
[Result "1/2-1/2"]
[WhiteElo "2255"]
[BlackElo "2219"]
[PlyCount "87"]
[EventDate "2012.10.17"]
[EventType "team-tourn"]
[EventRounds "9"]
[EventCountry "GER"]
[SourceTitle "EXT 2015"]
[Source "ChessBase"]
[SourceDate "2014.11.20"]
[SourceVersion "1"]
[SourceVersionDate "2014.11.20"]
[SourceQuality "1"]
[WhiteTeam "Cottbus Lokomotive"]
[BlackTeam "Oberschoeneweide"]
[WhiteTeamCountry "GER"]
[BlackTeamCountry "GER"]

1. e4 e5 2. Nf3 Nc6 3. Bb5 d6 4. d4 Bd7 5. Nc3 Nf6 6. Bxc6 Bxc6 7. Qd3 exd4 8. Nxd4 Be7 9. Nf5 0-0 10. Bg5 g6 11. Nxe7+ Qxe7 12. 0-0-0 Qe6 13. f3 Nd7 14. Nd5 Bxd5 15. exd5 Qf5 16. Qxf5 gxf5 17. Rhe1 Rfe8 18. Rxe8+ Rxe8 19. c4 Re2 20. Rd2 Re1+ 21. Kc2 f6 22. Bh4 Ra1 23. a3 Ne5 24. b3 Kf7 25. Kb2 Rh1 26. f4 Ng6 27. Bg3 Rf1 28. Bf2 Nxf4 29. Bxa7 Ke7 30. g3 Ng6 31. Rf2 Rh1 32. Bd4 Ne5 33. Kc2 Ng4 34. Re2+ Kd7 35. Kc3 Rc1+ 36. Kd2 Rh1 37. Kc3 Rc1+ 38. Kb4 Rf1 39. h3 Ne5 40. Kc3 f4 41. Rf2 Rh1 42. Rxf4 Rxh3 43. Bf2 Rh2 44. Bd4 1/2-1/2

[Event "Dresden ZMD op-A 21st"]
[Site "Dresden"]
[Date "2012.08.24"]
[Round "7"]
[White "Pfeffer, Ruprecht"]
[Black "Zwahr, Paul"]
[Result "0-1"]
[WhiteElo "2206"]
[BlackElo "2284"]
[PlyCount "64"]
[EventDate "2012.08.18"]
[EventType "swiss"]
[EventRounds "9"]
[EventCountry "GER"]
[SourceTitle "CBM 150 Extra"]
[Source "ChessBase"]
[SourceDate "2012.10.19"]
[SourceVersion "1"]
[SourceVersionDate "2012.10.19"]
[SourceQuality "1"]

1. e4 c5 2. Nf3 d6 3. d4 cxd4 4. Nxd4 Nf6 5. Nc3 a6 6. Be3 e6 7. f3 b5 8. Qd2 b4 9. Na4 Nbd7 10. 0-0-0 Qa5 11. b3 Bb7 12. g4 Nc5 13. a3 Nxa4 14. axb4 Qc7 15. bxa4 Nd7 16. Bf2 d5 17. Bd3 Nb6 18. a5 Na4 19. c4 dxc4 20. Qc2 Bc6 21. Qxc4 Rc8 22. Nc2 Bd6 23. Bd4 0-0 24. Kd2 Rfd8 25. Ke3 Bf4+ 26. Kf2 Bxh2 27. e5 Bxe5 28. Bxh7+ Kf8 29. Bxe5 Qxe5 30. Rh5 f5 31. f4 Qc3 32. Qxe6 Qf3+ 0-1

[Event "Dresden ZMD op 20th"]
[Site "Dresden"]
[Date "2011.08.09"]
[Round "4"]
[White "Das, Arghyadip"]
[Black "Pfeffer, Ruprecht"]
[Result "1/2-1/2"]
[WhiteElo "2471"]
[BlackElo "2255"]
[PlyCount "86"]
[EventDate "2011.08.06"]
[EventType "swiss"]
[EventRounds "9"]
[EventCountry "GER"]
[SourceTitle "CBM 143 Extra"]
[Source "ChessBase"]
[SourceDate "2011.08.29"]
[SourceVersion "1"]
[SourceVersionDate "2011.08.29"]
[SourceQuality "1"]

1. e4 e6 2. d4 d5 3. Nc3 Bb4 4. e5 c5 5. a3 Bxc3+ 6. bxc3 Ne7 7. Qg4 0-0 8. Bd3 f5 9. exf6 Rxf6 10. Bg5 Rf7 11. Qh5 g6 12. Qd1 Qa5 13. Bd2 Nbc6 14. Nf3 Qc7 15. dxc5 Ne5 16. Nxe5 Qxe5+ 17. Qe2 Qc7 18. c4 Qxc5 19. Bb4 Qc7 20. 0-0 a5 21. Bxe7 Qxe7 22. Rfe1 Qc5 23. Qe3 Qxe3 24. Rxe3 dxc4 25. Bxc4 Rc7 26. Re4 b5 27. Bxb5 Rxc2 28. a4 Ra7 29. h4 Rac7 30. Rd1 Rc1 31. Rxc1 Rxc1+ 32. Kh2 Kf7 33. Kg3 Kf6 34. Rd4 Rc3+ 35. f3 Ke7 36. Rd2 Rc5 37. Rd1 e5 38. h5 Be6 39. hxg6 hxg6 40. Rd2 Bf5 41. Kh4 Rc2 42. Rxc2 Bxc2 43. Kg5 e4 1/2-1/2

[Event "Dresden ZMD op 20th"]
[Site "Dresden"]
[Date "2011.08.07"]
[Round "2"]
[White "Fier, Alexandr"]
[Black "Pfeffer, Ruprecht"]
[Result "1-0"]
[WhiteElo "2566"]
[BlackElo "2255"]
[PlyCount "149"]
[EventDate "2011.08.06"]
[EventType "swiss"]
[EventRounds "9"]
[EventCountry "GER"]
[SourceTitle "CBM 143 Extra"]
[Source "ChessBase"]
[SourceDate "2011.08.29"]
[SourceVersion "1"]
[SourceVersionDate "2011.08.29"]
[SourceQuality "1"]

1. e4 e6 2. d4 d5 3. Nd2 Be7 4. Ngf3 Nf6 5. e5 Nfd7 6. Bd3 c5 7. c3 Nc6 8. 0-0 cxd4 9. cxd4 Qb6 10. Re1 a5 11. Nb1 Nxd4 12. Nxd4 Qxd4 13. Nc3 Bc5 14. Nb5 Qxf2+ 15. Kh1 0-0 16. Bg5 Bb4 17. Re3 g6 18. h4 Nc5 19. a3 h6 20. Bxh6 Bd2 21. Rf3 Nxd3 22. Bxd2 Bd7 23. Rxd3 Bxb5 24. Rf3 Qe2 25. Qxe2 Bxe2 26. Rf2 Bd3 27. Kh2 Rfc8 28. Rd1 Bf5 29. Rf4 Rc2 30. Bc3 b5 31. Rd2 Rc1 32. Rdf2 Ra7 33. g4 Be4 34. Rf6 a4 35. Kg3 Rd7 36. Kf4 Rh1 37. Kg5 Kg7 38. Bb4 d4 39. R6f4 Bb1 40. Bd6 d3 41. Rd4 Kg8 42. Rg2 Rc1 43. Kh6 Rc2 44. Rg1 d2 45. Rd1 Rxb2 46. R4xd2 Rxd2 47. Rxd2 Rd8 48. Rd1 Ba2 49. h5 Rd7 50. Rf1 Bc4 51. Rf2 Bd3 52. Kg5 gxh5 53. gxh5 f6+ 54. Kf4 fxe5+ 55. Kxe5 Bf5 56. Rb2 Rh7 57. Rh2 Rg7 58. Bb4 Bg4 59. Bd2 Kh7 60. h6 Rf7 61. Rg2 Bf5 62. Be3 Bh3 63. Rg3 Bf5 64. Rg1 Bh3 65. Rc1 Kg6 66. Rc8 Rf5+ 67. Kd6 Rf7 68. Rb8 Rf3 69. Rg8+ Kh7 70. Rg7+ Kh8 71. Bd4 Rd3 72. Kc5 Bf5 73. Bf6 Rh3 74. h7 Rh6 75. Be5 1-0

[Event "Dresden ZMD op 20th"]
[Site "Dresden"]
[Date "2011.08.06"]
[Round "1"]
[White "Pfeffer, Ruprecht"]
[Black "Jaracz, Pawel"]
[Result "1/2-1/2"]
[WhiteElo "2255"]
[BlackElo "2575"]
[PlyCount "91"]
[EventDate "2011.08.06"]
[EventType "swiss"]
[EventRounds "9"]
[EventCountry "GER"]
[SourceTitle "CBM 143 Extra"]
[Source "ChessBase"]
[SourceDate "2011.08.29"]
[SourceVersion "1"]
[SourceVersionDate "2011.08.29"]
[SourceQuality "1"]

1. e4 c5 2. Nf3 e6 3. d4 cxd4 4. Nxd4 Nc6 5. Nc3 Qc7 6. Be3 a6 7. Qd2 Nf6 8. 0-0-0 Nxd4 9. Qxd4 Ng4 10. Qb6 Qc6 11. Bd4 e5 12. Be3 Be7 13. Be2 Nxe3 14. Qxe3 d6 15. Nd5 Be6 16. Rd3 Bxd5 17. Rxd5 Rc8 18. Qb3 0-0 19. Rhd1 b5 20. Kb1 Rc7 21. R1d2 Rb8 22. f3 Qb6 23. g3 g6 24. a3 Rc5 25. Qe3 Qc7 26. h4 Rc8 27. Bd1 Qb8 28. Be2 Qb7 29. Rxc5 Rxc5 30. Rd3 h5 31. Bd1 a5 32. Rc3 Rxc3 33. Qxc3 Qb6 34. Qe1 b4 35. axb4 axb4 36. g4 hxg4 37. fxg4 Qd4 38. h5 gxh5 39. gxh5 Bg5 40. Bg4 b3 41. cxb3 d5 42. Bf5 Qd3+ 43. Ka2 Qa6+ 44. Kb1 Qd3+ 45. Ka2 Qa6+ 46. Kb1 1/2-1/2

[Event "Oberliga Nord O 0910"]
[Site "Germany"]
[Date "2010.02.28"]
[Round "7.6"]
[White "Pfeffer, Ruprecht"]
[Black "Federau, Juergen"]
[Result "1-0"]
[WhiteElo "2207"]
[BlackElo "2215"]
[PlyCount "143"]
[EventDate "2009.10.18"]
[EventType "team-tourn"]
[EventRounds "9"]
[EventCountry "GER"]
[SourceTitle "EXT 2011"]
[Source "ChessBase"]
[SourceDate "2010.11.26"]
[SourceVersion "1"]
[SourceVersionDate "2010.11.26"]
[SourceQuality "1"]
[WhiteTeam "Weisse Dame"]
[BlackTeam "Kreuzberg"]
[WhiteTeamCountry "GER"]
[BlackTeamCountry "GER"]

1. e4 e5 2. Nf3 Nf6 3. Nxe5 d6 4. Nf3 Nxe4 5. Nc3 Nf6 6. d4 Be7 7. Bf4 Bf5 8. Bd3 Qd7 9. h3 Bxd3 10. Qxd3 Na6 11. a3 c6 12. 0-0 0-0 13. Ne2 Nc7 14. Ng3 Ne6 15. Bd2 g6 16. c4 Rfe8 17. Bc3 Nf4 18. Qd2 N4h5 19. Nxh5 Nxh5 20. d5 Bf6 21. Bxf6 Nxf6 22. Qd4 Ne4 23. dxc6 Qxc6 24. Rad1 a5 25. Qd5 Rac8 26. Qxa5 Qxc4 27. Rd4 Qc5 28. Qxc5 Rxc5 29. Re1 f5 30. Ng5 Nf6 31. Rxe8+ Nxe8 32. Ne6 Re5 33. Nd8 Rb5 34. b4 b6 35. Nb7 Re5 36. Nxd6 Re1+ 37. Kh2 Nc7 38. Nc8 Nb5 39. Rd3 Ra1 40. Nxb6 Nxa3 41. Rd8+ Kf7 42. Ra8 Ke6 43. Nc4 Nc2 44. Rxa1 Nxa1 45. b5 Nb3 46. Kg3 g5 47. b6 Nc5 48. Kf3 Kd5 49. Ne3+ Kc6 50. Nxf5 Kxb6 51. Kg4 Ne6 52. Nd6 Kc6 53. Nf7 Nf4 54. Nxg5 Nxg2 55. Nxh7 Kd6 56. Ng5 Ne1 57. h4 Ke7 58. Kf5 Nd3 59. Ne4 Kf7 60. h5 Kg7 61. Kg5 Ne5 62. h6+ Kh7 63. Kh5 Kh8 64. Ng5 Nd7 65. f4 Kg8 66. Kg6 Nf8+ 67. Kf6 Nd7+ 68. Ke7 Nc5 69. f5 Nd3 70. f6 Ne5 71. h7+ Kh8 72. Nf7+ 1-0

[Event "Oberliga Nord O 0910"]
[Site "Germany"]
[Date "2009.12.16"]
[Round "4.7"]
[White "Pfeffer, Ruprecht"]
[Black "Stark, Ingo"]
[Result "1-0"]
[WhiteElo "2207"]
[BlackElo "2153"]
[PlyCount "85"]
[EventDate "2009.10.18"]
[EventType "team-tourn"]
[EventRounds "9"]
[EventCountry "GER"]
[SourceTitle "EXT 2011"]
[Source "ChessBase"]
[SourceDate "2010.11.26"]
[SourceVersion "1"]
[SourceVersionDate "2010.11.26"]
[SourceQuality "1"]
[WhiteTeam "Weisse Dame"]
[BlackTeam "Oberschoeneweide"]
[WhiteTeamCountry "GER"]
[BlackTeamCountry "GER"]

1. d4 Nf6 2. Nf3 c5 3. c3 e6 4. Bg5 Qb6 5. Qb3 Qxb3 6. axb3 Ne4 7. Bf4 cxd4 8. Nxd4 Bd6 9. Be3 Na6 10. g3 Nc7 11. Bg2 Nf6 12. Na3 Nfd5 13. Ndb5 Bxa3 14. Nxc7+ Nxc7 15. Rxa3 a6 16. c4 d6 17. 0-0 Ke7 18. Rd1 Rb8 19. Ba7 Ra8 20. Bb6 Ne8 21. b4 Bd7 22. b5 Rc8 23. Bxb7 Rxc4 24. bxa6 Bc6 25. Bxc6 Rxc6 26. a7 Nf6 27. a8Q Rxa8 28. Rxa8 Rxb6 29. Ra7+ Kf8 30. Rc1 g5 31. Rcc7 Kg7 32. Rxf7+ Kg6 33. Rfb7 Rc6 34. Rc7 Rb6 35. Rc2 g4 36. Rac7 Ne4 37. R7c6 Rb5 38. f3 gxf3 39. exf3 Ng5 40. Kf2 Rb3 41. Rxd6 Kf5 42. h4 Nxf3 43. Rc3 1-0

[Event "Oberliga Nord O 0506"]
[Site "Germany"]
[Date "2006.02.19"]
[Round "7.4"]
[White "Pfeffer, Ruprecht"]
[Black "Nogly, Christoph"]
[Result "0-1"]
[WhiteElo "2172"]
[BlackElo "2274"]
[PlyCount "136"]
[EventDate "2005.10.23"]
[EventType "team-tourn"]
[EventRounds "9"]
[EventCountry "GER"]
[SourceTitle "EXT 2007"]
[Source "ChessBase"]
[SourceDate "2006.11.23"]
[SourceVersion "1"]
[SourceVersionDate "2006.11.23"]
[SourceQuality "1"]
[WhiteTeam "Frankfurt Preussen"]
[BlackTeam "Berlin II"]
[WhiteTeamCountry "GER"]
[BlackTeamCountry "GER"]

1. d4 d5 2. Nf3 Nf6 3. Bf4 c5 4. e3 Nc6 5. c3 Qb6 6. b3 Bg4 7. Be2 e6 8. 0-0 Rc8 9. Nbd2 Be7 10. Ne5 Bf5 11. Rc1 h6 12. Bd3 Bxd3 13. Nxd3 cxd4 14. cxd4 0-0 15. Nc5 Rfd8 16. a3 a5 17. Qe2 Nb8 18. b4 axb4 19. axb4 Na6 20. Nxa6 bxa6 21. Ra1 Rc6 22. Nf3 Ra8 23. b5 Rc3 24. bxa6 Ba3 25. Rab1 Qxa6 26. Rb8+ Bf8 27. Qxa6 Rxa6 28. Ne5 g5 29. Bg3 Ra7 30. h3 Kg7 31. Ng4 Nd7 32. Re8 h5 33. Ne5 Nf6 34. Rb8 Ne4 35. Bh2 Bd6 36. Rb6 f6 37. Nf3 Bxh2+ 38. Nxh2 Kf7 39. Rb2 Ra6 40. Rfb1 Kg6 41. Nf3 Rac6 42. g4 Rc2 43. Rxc2 Rxc2 44. Rf1 Kh6 45. Ne1 Rd2 46. Nf3 Ra2 47. Ne1 Nd2 48. Nd3 Nxf1 49. Kxf1 h4 50. Nc5 e5 51. dxe5 fxe5 52. Nd3 e4 53. Nb4 Ra5 54. Nc6 Ra1+ 55. Kg2 Kg7 56. Nd4 Kf6 57. Nf5 Ke5 58. Nd4 Ra6 59. Kf1 Kd6 60. Nf5+ Kc5 61. Nd4 Kc4 62. Ne2 Ra1+ 63. Kg2 Rd1 64. f4 Rd2 65. Kf1 Kd3 66. Nd4 Kxe3 67. Ne6 gxf4 68. g5 f3 0-1

[Event "Oberliga Nord O 0506"]
[Site "Germany"]
[Date "2006.01.15"]
[Round "5.4"]
[White "Pfeffer, Ruprecht"]
[Black "Teschke, Olaf"]
[Result "1/2-1/2"]
[WhiteElo "2172"]
[BlackElo "2236"]
[PlyCount "111"]
[EventDate "2005.10.23"]
[EventType "team-tourn"]
[EventRounds "9"]
[EventCountry "GER"]
[SourceTitle "EXT 2007"]
[Source "ChessBase"]
[SourceDate "2006.11.23"]
[SourceVersion "1"]
[SourceVersionDate "2006.11.23"]
[SourceQuality "1"]
[WhiteTeam "Frankfurt Preussen"]
[BlackTeam "Koenig Tegel II"]
[WhiteTeamCountry "GER"]
[BlackTeamCountry "GER"]

1. d4 Nf6 2. Nf3 d5 3. Bf4 Bf5 4. e3 e6 5. Bd3 Bxd3 6. Qxd3 Nbd7 7. Nbd2 c5 8. c3 Be7 9. h3 0-0 10. 0-0 Qb6 11. Ne5 Nxe5 12. dxe5 c4 13. Qc2 Nd7 14. e4 Qc7 15. exd5 exd5 16. Nf3 Nc5 17. Qf5 Nd3 18. Bg3 g6 19. Qg4 Qc8 20. Qd4 Rd8 21. b4 a5 22. a3 Ra6 23. Qe3 axb4 24. axb4 Qa8 25. Rad1 Ra3 26. e6 f6 27. Qd4 Qa7 28. Qh4 Rxc3 29. Ne5 Qb6 30. Nf7 Re8 31. Qg4 Bf8 32. e7 Rxe7 33. Nd6 Ne5 34. Nc8 Nxg4 35. Nxb6 Rxg3 36. fxg3 Ne3 37. Nxd5 Nxd1 38. Nxe7+ Bxe7 39. Rxd1 Bxb4 40. Rb1 Bc5+ 41. Kf1 b6 42. Ke2 Kf7 43. Kd2 Bd4 44. Rb4 c3+ 45. Kd3 Be5 46. g4 g5 47. Rxb6 Kg6 48. Ke4 h5 49. gxh5+ Kxh5 50. Kf3 Bd4 51. Rc6 Be5 52. g4+ Kg6 53. Ke4 Kf7 54. Kd5 Ke8 55. Rc4 Kd7 56. Ra4 1/2-1/2